000 00662cam a22002537a 4500
001 15789
003 DO-SdBNP
005 20180130150834.0
007 15789
008 051229s2005 ag 000 0 spa
010 _a 2006419030
020 _a9875452114
040 _aBPMUSU
_bspa
_c BPMSU
050 0 0 _a
100 1 _aBombara, Paula,
_d1972-
245 1 3 _aEl mar y la serpiente /
_cPaula Bombara.
260 _aBuenos Aires :
_bGrupo Editorial Norma,
_c2005.
300 _a105 p.
_c21 cm.
490 1 _aZona libre
830 0 _aZona libre
942 _2ddc
_cBK
945 _aInventariado, 2018 /LP
956 _aVMATEO
_b10
_c20160517
_dBPMSU
_f0069
999 _c10150
_d10150